Technická termodynamika /
Na minha lista:
| Autor principal: | |
|---|---|
| Formato: | Livro |
| Idioma: | tcheco |
| Publicado em: |
Praha :
Československá akademie věd,
1963
|
| Edição: | 2.vyd. |
| Assuntos: | |
| Tags: |
Sem tags, seja o primeiro a adicionar uma tag!
|
MARC
| LEADER | 00000nam a22000003a 4500 | ||
|---|---|---|---|
| 001 | stu37522 | ||
| 005 | 20250606102625.6 | ||
| 008 | 920714s1963----cs------------------cze-d | ||
| 040 | |a STU |b slo | ||
| 041 | 0 | |a cze | |
| 044 | |a cs | ||
| 080 | |a 621.01 | ||
| 100 | 1 | |a Kalčík, Josef |4 aut | |
| 245 | 1 | |a Technická termodynamika / |c [aut.]Josef Kalčík | |
| 250 | |a 2.vyd. | ||
| 260 | |a Praha : |b Československá akademie věd, |c 1963 | ||
| 300 | |a 565 s. : |b príl. | ||
| 650 | 7 | |a Termodynamika technická |2 stusub | |
| 996 | |b 284M022181 |c M*7432-1 |l MMKN |s A |a 24 |w stu37522_0001 | ||
| 996 | |b 284EK91048 |c E* 91048 |l EE01 |s A |a 24 |w stu37522_0002 | ||